书目信息 |
| 题名: |
岩藻多糖的功能与应用
|
|
| 作者: | 秦益民 主编 | |
| 分册: | ||
| 出版信息: | 北京 中国轻工业出版社 2020.8 |
|
| 页数: | 282页 | |
| 开本: | 24cm | |
| 丛书名: | 海洋功能性资源技术丛书 | |
| 单 册: | ||
| 中图分类: | Q532 | |
| 科图分类: | ||
| 主题词: | 岩藻糖--多糖--研究 | |
| 电子资源: | ||
| ISBN: | 978-7-5184-3054-3 | |
| 000 | 01086nam0 2200253 45 | |
| 001 | 012001000682 | |
| 005 | 20130911165924.0 | |
| 010 | @a978-7-5184-3054-3@dCNY80.00 | |
| 100 | @a20201123d2020 em y0chiy50 ea | |
| 101 | 0 | @achi |
| 102 | @aCN@b110000 | |
| 105 | @aa z 000yy | |
| 106 | @ar | |
| 200 | 1 | @a岩藻多糖的功能与应用@Ayan zao duo tang de gong neng yu ying yong@b专著@dFunctions and applications of fucoidan@f秦益民主编@zeng |
| 210 | @a北京@c中国轻工业出版社@d2020.8 | |
| 215 | @a282页@c图,照片@d24cm | |
| 225 | 1 | @a海洋功能性资源技术丛书 |
| 330 | @a本书在介绍海藻生物资源及海藻含有的生物活性物质的基础上,介绍了岩藻多糖的来源、化学结构、理化性能、生物活性及其在海洋生物制品中的最新应用成果,阐述了岩藻多糖改善胃肠道、改善肾功能、预抗肿瘤、美容等独特的健康功效,总结了岩藻多糖在功能食品、保健品、生物医用材料、化妆品等领域的应用以及功能化改性技术。 | |
| 461 | 0 | @12001 @a海洋功能性资源技术丛书 |
| 606 | 0 | @a岩藻糖@x多糖@x研究 |
| 690 | @aQ532@v5 | |
| 701 | 0 | @a秦益民@Aqin yi min@f(1965-)@4主编 |
| 801 | 0 | @aCN@bBJSDL@c20211011 |
| 905 | @b1335682-5@dQ532@e326@f4 | |
| 岩藻多糖的功能与应用=Functions and applications of fucoidan/秦益民主编.-北京:中国轻工业出版社,2020.8 |
| 282页:图,照片;24cm.-(海洋功能性资源技术丛书) |
| ISBN 978-7-5184-3054-3:CNY80.00 |
| 本书在介绍海藻生物资源及海藻含有的生物活性物质的基础上,介绍了岩藻多糖的来源、化学结构、理化性能、生物活性及其在海洋生物制品中的最新应用成果,阐述了岩藻多糖改善胃肠道、改善肾功能、预抗肿瘤、美容等独特的健康功效,总结了岩藻多糖在功能食品、保健品、生物医用材料、化妆品等领域的应用以及功能化改性技术。 |
| ● |
| 相关链接 |
|
|
|
|
正题名:岩藻多糖的功能与应用
索取号:Q532/326
 
预约/预借
| 序号 | 登录号 | 条形码 | 馆藏地/架位号 | 状态 | 备注 |
| 1 | 1335682 | 213356820 | 第二样本阅览室/ [索取号:Q532/326] | 在馆 | |
| 2 | 1335683 | 213356839 | 第三借阅区/ [索取号:Q532/326] | 在馆 | |
| 3 | 1335684 | 213356848 | 第三借阅区/ [索取号:Q532/326] | 在馆 | |
| 4 | 1335685 | 213356857 | 第三借阅区/ [索取号:Q532/326] | 在馆 |